000 00401nmm a2200169 a 4500
003 AR-X00000XY
005 20251128212022.0
008 147020s1969 ||||||||||||||000 | spa||
040 _cAR-X00000XY
100 1 _aLiscano, Juan
245 1 0 _aEdad obscura
260 _aCaracas
_bEdiciones Zona Franca
_c1969
300 0 _a131 p.
_bláms.
655 _aLITERATURA
942 _cBK
998 _cmartin
999 _c22101
_d22101